Catálogo

LOS OBJETORES DE CONCIENCIA : (Registro nro. 34141)

Detalles MARC
000 -LEADER
fixed length control field 00458nam a2200169 a 4500
001 - CONTROL NUMBER
control field 34141
005 - DATE AND TIME OF LATEST TRANSACTION
control field 20180714002220.0
008 - FIXED-LENGTH DATA ELEMENTS--GENERAL INFORMATION
fixed length control field 140415s1974 000 0 spa d
020 ## - INTERNATIONAL STANDARD BOOK NUMBER
International Standard Book Number 8473440692
041 ## - LANGUAGE CODE
Language code of text/sound track or separate title spa
082 ## - DEWEY DECIMAL CLASSIFICATION NUMBER
Classification number 261.873
Item number MUÑ
100 1# - MAIN ENTRY--PERSONAL NAME
Personal name MUÑIZ VEGA, GONZALO
245 14 - TITLE STATEMENT
Title LOS OBJETORES DE CONCIENCIA :
Remainder of title ¨DELINCUENTES O MARTIRES?
260 ## - PUBLICATION, DISTRIBUTION, ETC.
Place of publication, distribution, etc. [s.l.] :
Name of publisher, distributor, etc. SPEIRO,
Date of publication, distribution, etc. 1974
300 ## - PHYSICAL DESCRIPTION
Extent 186
650 14 - SUBJECT ADDED ENTRY--TOPICAL TERM
Topical term or geographic name entry element GUERRA Y RELIGION
Existencias
Withdrawn status Lost status Source of classification or shelving scheme Damaged status Not for loan Collection code Home library Current library Shelving location Date acquired Source of acquisition Inventory number Total Checkouts Full call number Barcode Date last seen Price effective from Koha item type
    Dewey Decimal Classification     General Biblioteca Karol Wojtyla Biblioteca Karol Wojtyla Sala general 03/12/2013 Compra 151000000000000000056322   261.873 MU 51721 05/01/2026 03/12/2013 Libro